| 000 | 00859nam a2200229Ia 4500 | ||
|---|---|---|---|
| 001 | L853-36857 | ||
| 003 | IT-CnALBA | ||
| 008 | 170116s9999||||xx |||||||||||||| ||und|| | ||
| 040 |
_aIT-CnALBA _cIT-CnALBA |
||
| 041 | _aITALIANO | ||
| 100 | _aGROSSI TOMMASO | ||
| 245 | 0 | _aMARCO VISCONTI. STORIA DEL TRECENTO. | |
| 250 | _a2a ed. | ||
| 260 |
_aMILANO _bCARRARA P. LIBR. EDUCAZ. ISTRUZ. _cn.d. |
||
| 300 | _a332 p. | ||
| 500 | _aPOESIA IN MORTE DI MARCO VISCONTI. STORIA DEL NOBILE CASATO. PERSONAGGIO MARCO VISCONTI DI MILANO. | ||
| 501 | _aSocietà San Paolo EM - Piazza San Paolo, 14 - 12051 ALBA (CN) (non commercial uses only) ® Copyright 2017 | ||
| 520 | _aPOESIA IN MORTE DI MARCO VISCONTI. STORIA DEL NOBILE CASATO. PERSONAGGIO MARCO VISCONTI DI MILANO. | ||
| 650 | _aNARRATIVA ITALIANA E POESIA | ||
| 942 | _cBK | ||
| 957 | _71 | ||
| 999 |
_a41629 _bNO _g Copie: 1 _c295664 _d295664 |
||